Sports Quiz

Random Sports or MLB Quiz

MLB: 3B with 400 Career Doubles Quiz Stats

 Plays Quiz not verified by Sporcle

Challenge
Share
Tweet
Embed
Score 0/14 Timer 06:00
0 Plays Today
Doubles Player % Correct
665*George Brett
94.3%
549Chipper Jones
94.3%
482*Brooks Robinson
91.4%
591Adrian Beltre
88.6%
578*Wade Boggs
88.6%
408*Mike Schmidt
88.6%
517Scott Rolen
85.7%
Doubles Player % Correct
408Bobby Bonilla
82.9%
443Gary Gaetti
80%
432Tim Wallach
80%
425Buddy Bell
80%
495Aramis Ramirez
77.1%
453Jimmy Dykes
40%
411Lave Cross
37.1%

You're not logged in!

Compare scores with friends on all Sporcle quizzes.
Join for Free
OR
Log In

You Might Also Like...

Show Comments

Extras

Created Aug 18, 2017ReportNominate
Tags:MLB Quiz, 400, career, double, player, primary, team

Top Quizzes Today


Score Distribution

Your Account Isn't Verified!

In order to create a playlist on Sporcle, you need to verify the email address you used during registration. Go to your Sporcle Settings to finish the process.

Report this User

Report this user for behavior that violates our Community Guidelines.

Details: